La Construcción de las masculinidades: un reto para la salud de los adolescentes /
Gardado en:
| Autor Principal: | |
|---|---|
| Outros autores: | , |
| Formato: | Texto |
| Materias: | |
| Etiquetas: |
Engadir etiqueta
Sen Etiquetas, Sexa o primeiro en etiquetar este rexistro!
|
MARC
| LEADER | 00000 a a2200000 04500 | ||
|---|---|---|---|
| 001 | 211 | ||
| 003 | |||
| 040 | |||
| 100 | |a Garita, C. | ||
| 245 | |a La Construcción de las masculinidades: |b un reto para la salud de los adolescentes / |c C. Garita | ||
| 500 | |a Reseña de: La construcción de las masculinidades... |a C. Garita. CR: CCSS, 2001 | ||
| 650 | |a ROL MASCULINO | ||
| 650 | |a SALUD DEL ADOLESCENTE | ||
| 650 | |a SEXUALIDAD | ||
| 700 | |a Castro Castro, Ricardo | ||
| 700 | |a reseñador | ||
| 773 | |g volumen 18, número 105 Nuev; páginas 201-202 | ||
| 999 | |c 26285 |d 26285 | ||
| 773 | 0 | |0 18811 |9 3319 |a Universidad de Costa Rica. Instituto de Investigaciones en Psicología |d San José, C.R.: Editorial de la UCR |o 07029 |t Actualidades en Psicología / | |
